00349nam a22001337a 450000500170000002000180001708200190003510000340005424500560008826000300014430000100017494200120018499900190019620260318122236.0 a9789360614645 a658.532bRAM.S aRamesh Chandra Kashyap911987 aStatistical Quality ControlcRamesh Chandra Kashyap aNew DelhibPinakin c2024 a256p. 2ddccBK c757832d757832